| 000 | 00551nam a2200193Ia 4500 | ||
|---|---|---|---|
| 003 | OSt | ||
| 005 | 20221007083307.0 | ||
| 006 | a|||||r|||| 00| 0 | ||
| 007 | ta | ||
| 008 | 221006b |||||||| |||| 00| 0 eng d | ||
| 024 | _a22,107 | ||
| 037 | _cTheseses | ||
| 040 |
_aFLL _cFLL _beng |
||
| 041 |
_2eng _aeng |
||
| 100 |
_aShrestha Amir Ratna _9566663 |
||
| 245 | 0 |
_aConstitutional rights of an accused _b A comparative study under the constitutions of Nepal and India |
|
| 942 |
_cDIS _2CC |
||
| 999 |
_c1169547 _d1169547 |
||